| 000 | 00353nam a2200145Ia 4500 | ||
|---|---|---|---|
| 008 | 230917s9999||||xx |||||||||||||| ||und|| | ||
| 040 |
_e74097 _aMAIN |
||
| 041 | _aEnglish | ||
| 082 | _a332.46 R18E | ||
| 100 | _aRao, S L | ||
| 245 | 0 | _aEconomic reforms and Indian markets | |
| 260 |
_aNew Delhi _bWheeler _c1994 |
||
| 300 | _axii, 238 p. | ||
| 942 | _cBK | ||
| 999 |
_c77931 _d77931 |
||